| 000 | 00912cam a2200145ua 4500 | ||
|---|---|---|---|
| 041 |
_aeng _h |
||
| 082 |
_a697.921 _bIND/CO |
||
| 110 | 1 |
_aIndian standards institution . _bISI _c() |
|
| 245 |
_aCode of practice for natural ventilation of residential buildings ,IS:3362-1977 / _cIndian standards institution. _hTextual Documents |
||
| 260 |
_a : _bISI , _c1978. |
||
| 300 | _a21 ; . | ||
| 504 | _a | ||
| 942 | _cBK | ||
| 999 |
_c4307 _d4307 |
||